Hoje também há palhaços (Registo nº 3694)

Detalhes MARC
000 -Etiqueta do registo
Cabeçalho 00828nam a2200277 4500
005 - Identificador da versão
Campo de controlo 20240813122040.0
010 ## - Número internacional normalizado dos livros (ISBN)
Número (ISBN) 9724129799
021 ## - Número do Depósito Legal
Código do país PT
Número 190356/03
100 ## - Dados gerais de processamento
Dados gerais de processamento 20031113d2003 c y0pory5003 ba
102 ## - Pais de publicação ou produção
País de publicação Portugal
101 0# - Língua de publicação
Língua do texto, banda sonora, etc. Português
215 ## - Descrição física 
Indicação específica da natureza do documento e extensão da espécie 40, [5] p.
Outras indicações físicas il.
Dimensões 21 cm
200 1# - Titulo e menção de responsabilidade
Título próprio Hoje também há palhaços
Primeira menção de responsabilidade António Torrado, Maria Alberta Menéres
Outras menções de responsabilidade il. Nikola Raspopovic
225 1# - Colecção 
Título próprio da colecção Asa juvenil.
Nome de uma parte ou secção Verde
205 ## - Menção da edição
Menção da edição 2ª ed
210 ## - Publicação, Distribuição, etc. 
Lugar da edição, distribuição, etc. Porto
Nome do editor, distribuidor, etc. Asa
Data da publicação, distribuição, etc. 2003
606 ## - Nome comum usado como assunto
Número de registo de entrada de autoridade 0000001
Palavra de ordem Literatura portuguesa
Subdivisão de assunto Conto|2CA
675 ## - Classificação Decimal Universal (CDU)
Notação 821.134.3-34
Edição 3ª ed.
Língua da edição por
702 #1 - Nome de autor-pessoa física (responsabilidade secundária)
Número de registo de entrada de autoridade 0000053
Palavra de ordem Raspopovic
Outra parte do nome não tomada para palavra de ordem Nikola
Código de função Ilustrador / Técnico de desenho computorizado
701 #1 - Nome de autor-pessoa física (co-responsabilidade principal)
Palavra de ordem Menéres
Outra parte do nome não tomada para palavra de ordem Maria Alberta
Datas 1930-
Código de função Autor / Co-autor
700 #1 - Nome de autor-pessoa física (responsabilidade principal)
Número de registo de entrada de autoridade 0000033
Palavra de ordem Torrado
Outra parte do nome não tomada para palavra de ordem António
Datas 1939-
942 ## - Elementos de entrada adicionados (Koha)
Tipo de item no Koha Livro
Exemplares
Situação do levantamento Origin of item (home branch) (coded) Biblioteca de empréstimo Código de barras Cota Circulation type (not for loan) Tipo de documento Nota do exemplar Damaged status
  Biblioteca Escolar das Vendas Biblioteca Escolar das Vendas BEV1661 8 POR TOR   Livro Sem mensagem